Библейские сказки
| Main Author: | |
|---|---|
| Language: | Russian |
| Published: |
Москва, Август, 2000
|
| Series: | Рассказы русских писателей |
| Subjects: | |
| Format: | Book |
| KOHA link: | https://koha.lib.tpu.ru/cgi-bin/koha/opac-detail.pl?biblionumber=30621 |
MARC
| LEADER | 00000nam0a2200000 4500 | ||
|---|---|---|---|
| 001 | 30621 | ||
| 005 | 20231030204005.0 | ||
| 010 | |a 5935890038 | ||
| 035 | |a (RuTPU)RU\TPU\book\30894 | ||
| 035 | |a BOOK00030971 | ||
| 090 | |a 30621 | ||
| 100 | |a 20011209d2000 u y0rusy50 ca | ||
| 101 | 0 | |a rus | |
| 102 | |a RU | ||
| 105 | |a a 000ay | ||
| 200 | 1 | |a Библейские сказки |f С. Черный | |
| 210 | |a Москва |c Август |d 2000 | ||
| 215 | |a 68 с. |c ил. | ||
| 225 | 1 | |a Рассказы русских писателей | |
| 610 | 1 | |a сказки | |
| 610 | 1 | |a Библия | |
| 675 | |a Р2 |v 3 | ||
| 700 | 1 | |a Черный |g Саша | |
| 801 | 0 | |a RU |b 63413507 |c 20011209 |g PSBO | |
| 942 | |c BK | ||